| 000 | 01310cam a22002891i 4500 | ||
|---|---|---|---|
| 003 | SA-RiAUC | ||
| 005 | 20240930073430.0 | ||
| 008 | 240929s1903 ua g 000 0 ara c | ||
| 020 | _a9789775002495 | ||
| 040 |
_aSA-JeALM _bara _cSA-RiAUC _erda |
||
| 082 | 0 | 4 | _a237.3 |
| 090 |
_a237.3 _bس ج ا |
||
| 100 | 1 |
_aالسجاعي، أحمد بن أحمد، _dالمتوفى 1197 هجري _eمؤلف. |
|
| 245 | 1 | 0 |
_aشرح الوظيفة الزروقية / _cأحمد بن أحمد السجاعي. |
| 250 | _aالطبعة الأولى. | ||
| 264 | 1 |
_aالقاهرة : _bكشيدة للنشر والتوزيع، _c2015 |
|
| 300 |
_a154صفحة: _b22 سم. |
||
| 336 |
_aنص _btxt _2rdacontent _3كتاب |
||
| 337 |
_aبدون وسيط _bn _2rdamedia |
||
| 338 |
_aمجلد _bnc _2rdacarrier |
||
| 650 | 7 |
_aالأدعية والأوراد _2aucsh |
|
| 700 | 1 | 2 |
_aزروق، أحمد بن أحمد بن محمد، _d846-899 هجري _tالوظيفة الزروقية، المسماة، بسفينة النجا لمن إلى الله التجا. |
| 740 | 2 | 2 | _aالوظيفة الزروقية، المسماة، بسفينة النجا لمن إلى الله التجا. |
| 740 | 0 | 2 | _aسفينة النجا لمن إلى الله التجا. |
| 942 |
_2ddc _cBOOK _n0 |
||
| 949 |
_aSA-JeALM _d240929 _umohamedma123 _n1 |
||
| 999 |
_c663 _d663 |
||